Normal view
MARC view
- Canfield J
Entry Personal Name
001 - CONTROL NUMBER
- control field: 215133
003 - CONTROL NUMBER IDENTIFIER
- control field: OSt
005 - DATE AND TIME OF LATEST TRANSACTION
- control field: 20251120131118.0
008 - FIXED-LENGTH DATA ELEMENTS
- fixed length control field: 251120|| aca||aabn | a|a d
040 ## - CATALOGING SOURCE
- Original cataloging agency: OSt
- Transcribing agency: OSt
100 ## - HEADING--PERSONAL NAME
- Personal name: Canfield J
670 ## - SOURCE DATA FOUND
- Source citation: Work cat.: (OSt)90790: Canfield J, The Success Principles, 2005